KATSEYE - Paroles Gameboy - Statistiques

Statistiques générales
  • Ce quiz a été pris 146 fois
    144 depuis la dernière actualisation
  • Le résultat moyen est 296 sur 404
Statistiques - réponses
Hint Réponse % Correct
(Woo)
99%
game,
97%
you
93%
You
93%
Pré-refrain You,
93%
you,
93%
you)
93%
a
91%
I
91%
just
91%
boy
90%
boy)
90%
your
87%
love
86%
the
86%
drama
85%
Play
85%
play,
85%
(Play,
85%
oh,
83%
(Oh,
83%
(Ooh)
83%
(Ooh
83%
ooh)
83%
ooh
83%
ooh,
83%
about
82%
thinkin'
78%
Gameboy
77%
(Gameboy)
77%
no
77%
You're
77%
ain't
73%
(Ain't
73%
but
72%
it
71%
Not
71%
(Not
71%
not
71%
that
70%
friends
68%
it's
68%
do
67%
Bridge | Couplet 1 | Outro Tell
67%
tryna
67%
I'm
65%
know
65%
my
65%
on
65%
karma
64%
keep
64%
pushing
64%
problem
63%
pretend,
62%
lose
61%
me,
61%
me
61%
Me
61%
one
61%
wanna
61%
don't
60%
Lovin'
60%
yeah,
59%
true
58%
in
55%
thinking
55%
buttons,
52%
With
52%
somebody
51%
can
50%
Now
49%
callin'
48%
should
48%
that's
48%
That's
48%
away,
46%
fine,
46%
up,
46%
blame
45%
throw
45%
and
43%
leveled
42%
to
41%
you's
38%
goin'
37%
taxi
37%
time
37%
backseat
35%
own
34%
mind
33%
club
32%
lonely
32%
mine,
32%
mine
32%
all
30%
out
27%
been
23%
Blamin'
20%
doin'
20%
Headed
17%
Aucun quiz correspondant
Distribution des résultats
% des personnes avec chaque résultat
Percentile par nombre de réponses
Votre historique - résultats
Vous n’avez pas pris ce quiz depuis la dernière actualisation